Educar es un riesgo. Apuntes para un método educativo verdadero

Сохранить в:
Библиографические подробности
Главный автор: Giussani, Luigi (autor)
Формат:
Язык:испанский
Опубликовано: Lima, Perú: Universidad Católica Sedes Sapientiae, Ediciones Encuentro, Fondo Editorial UCSS, 2006
Редактирование:Primera edición. Edición revisada y anotada
Предметы:
Метки: Добавить метку
Нет меток, Требуется 1-ая метка записи!

MARC

LEADER 00000nam a2200000 a 4500
001 UCI2846
003 CL-VaPUC
005 20220331074356.0
008 070928e20060000PE |||||||||||||||||spa|d
999 |c 327268  |d 327266 
020 |a 9972-9929-9-3 
040 |c Pontificia Universidad Católica de Valparaíso 
082 0 4 |a 370.115 GIU 2006  |2 21 
100 0 |a Giussani, Luigi  |e autor  |9 524035 
245 1 0 |a Educar es un riesgo.   |b Apuntes para un método educativo verdadero 
250 |a Primera edición. Edición revisada y anotada 
260 |a Lima, Perú:  |b Universidad Católica Sedes Sapientiae,  |b Ediciones Encuentro,  |b Fondo Editorial UCSS,  |c 2006 
300 |a 138 páginas 
500 |a C.2 Donación Familia profesor Giovanni Parodi S. Memo 02/2022. 25-03-2022 
583 |a last modification  |c 20160914 11:01:00  |k Rodrigo Vera 
650 0 |a Filosofía de la educación   |9 258384 
650 0 |a Democratización de la educación  |9 307986 
650 0 |a Igualdad de educación   |9 335637 
650 0 |a Innovaciones pedagógicas  |9 307471 
650 0 |a Desarrollo de la educación  |2 CL-VaPUC  |9 338307 
942 |c BK  |2 ddc 
945 |d 20070928 00:00:00  |a rbrito 
952 |0 0  |1 0  |4 0  |6 370_115000000000000_GIU_2006  |7 0  |8 A  |9 409839  |a FDOPOS  |b FDOPOS  |d 2019-11-22  |i 4374983  |o 370.115 GIU 2006  |p 4374983  |r 2023-08-09  |w 2019-11-22  |y BK  |k MLA 
952 |0 0  |1 0  |2 ddc  |4 0  |6 370_115000000000000_GIU_2006  |7 0  |8 C_GPS  |9 582271  |a BIBEDU  |b BIBEDU  |c GEN  |d 2022-03-30  |e Donación  |i 5650463  |o 370.115 GIU 2006  |p 5650463  |r 2022-03-30  |t 2  |w 2022-03-30  |y BK  |k LIT